System Management / (Record no. 23737)
[ view plain ]
| 000 -LEADER | |
|---|---|
| fixed length control field | 00476nam a22001217a 4500 |
| 003 - CONTROL NUMBER IDENTIFIER | |
| control field | NUST |
| 005 - DATE AND TIME OF LATEST TRANSACTION | |
| control field | 20170608114943.0 |
| 008 - FIXED-LENGTH DATA ELEMENTS--GENERAL INFORMATION | |
| fixed length control field | 140103b xxu||||| |||| 00| 0 eng d |
| 010 ## - LIBRARY OF CONGRESS CONTROL NUMBER | |
| LC control number | 2009050496 |
| 020 ## - INTERNATIONAL STANDARD BOOK NUMBER | |
| International Standard Book Number | 97814398 |
| Terms of availability | Available |
| 040 ## - CATALOGING SOURCE | |
| Original cataloging agency | DLC |
| Language of cataloging | DLC |
| Transcribing agency | RCMS |
| 082 ## - DEWEY DECIMAL CLASSIFICATION NUMBER | |
| Edition number | 2nd, ed . |
| Classification number | 658GRA |
| Author Mark | 002497 |
| 100 ## - MAIN ENTRY--PERSONAL NAME | |
| Personal name | Jeffrey. O Grady |
| 9 (RLIN) | 1822 |
| 245 ## - TITLE STATEMENT | |
| Title | System Management / |
| Statement of responsibility, etc. | Grady Jeffrey. O |
| Remainder of title | Planning,Enterprise Identity,and Deployment |
| 250 ## - EDITION STATEMENT | |
| Edition statement | 2nd,ed. |
| 260 ## - PUBLICATION, DISTRIBUTION, ETC. | |
| Place of publication, distribution, etc. | USA |
| Name of publisher, distributor, etc. | CRC Press |
| Date of publication, distribution, etc. | c2013 |
| 300 ## - PHYSICAL DESCRIPTION | |
| Extent | xxxviii,590,p: |
| Other physical details | ill: |
| Dimensions | 22,cm. |
| 504 ## - BIBLIOGRAPHY, ETC. NOTE | |
| Bibliography, etc. note | Includes with bibliographical reference and index. |
| 505 ## - FORMATTED CONTENTS NOTE | |
| Formatted contents note | "Content of this book first materialized under two earlier titles: System Engineering Planning and Enterprise Identity and System Engineering Development." |
| 538 ## - SYSTEM DETAILS NOTE | |
| Display text | Shelf No 1 Row No 4 |
| 650 ## - SUBJECT ADDED ENTRY--TOPICAL TERM | |
| Topical term or geographic name entry element | 1. Systems Engineering ------ Management |
| 9 (RLIN) | 2266 |
| 856 ## - ELECTRONIC LOCATION AND ACCESS | |
| Materials specified | Table of Content Only |
| 942 ## - ADDED ENTRY ELEMENTS (KOHA) | |
| Source of classification or shelving scheme | |
| Koha item type | Book |
| Withdrawn status | Lost status | Source of classification or shelving scheme | Damaged status | Not for loan | Permanent Location | Current Location | Shelving location | Date acquired | Total Checkouts | Full call number | Barcode | Date last seen | Price effective from | Koha item type |
|---|---|---|---|---|---|---|---|---|---|---|---|---|---|---|
| Central Library (CL) | Central Library (CL) | General Stacks | 01/03/2014 | 658GRA | RCMS002497 | 01/03/2014 | 01/03/2014 | Book |
